000 00590nam a2200205Ia 4500
003 OSt
005 20260103093807.0
008 210707s1983 xx 000 0 und d
040 _cAL
041 _aKannada
082 _aK894.3 SHRP
100 _aSHRINIVASA KORATI
_dಶ್ರೀನಿವಾಸ ಕೊರಟಿ
_9248834
245 _aParameswara Pulikeshi
_bಪರಮೇಶ್ವರ ಪುಲಿಕೇಶಿ
260 _aBengaluru
_bVishva Kannada Sammelana
_c1983
300 _a437 p
365 _b4
_cINR
563 _aPB
650 _aKannada Fiction
_9248835
942 _2ddc
_cBK
999 _c180163
_d180163